Študenti nesúhlasia s rušením škôl protest pred KSK

Bibliographic Details
Format: Article
Language:Slovak
PhysicalDescription:Fotogr.
ISSN:1335-4566
Subjects:

MARC

LEADER 00000nab a2200000 a 4500
001 vtls010202802
003 SK-MaSNL
005 20260303093801.0
008 110111c20110111xo drz 0 0slo
038 |a KEVKJB 
040 |a KEVKJB  |b slo  |c KEVKJB  |e AACR2 
041 0 |a slo 
044 |a xo  |c SK 
080 |a 371.2  |2 2001 
245 0 0 |a Študenti nesúhlasia s rušením škôl  |b protest pred KSK  |c Marek Poracký 
300 |b Fotogr. 
610 2 7 |a Gymnázium, Exnárova ul. (Košice, Slovensko)  |2 kevkjb  |9 877876 
610 2 7 |a Stredná priemyselná škola hutnícka (Košice, Slovensko)  |2 kevkjb  |9 557686 
650 0 7 |a rušenie škôl  |2 kevkjb  |9 1032903 
650 0 7 |a stredné školy  |x rušenie  |z Košický samosprávny kraj (Slovensko)  |2 kevkjb  |9 1105365 
650 0 7 |a protesty  |2 kevkjb  |9 337515 
651 7 |a Košice (Slovensko)  |2 kevkjb  |9 18694 
773 0 |t Košický Korzár  |g Roč. XIV., č. 7 (11.1.2011), s. 3  |x 1335-4566 
852 |a KEVKJB  |b KIS3GCP 
999 |c 1817166  |d 1819096